| 000 | 00459nam a2200133Ia 4500 | ||
|---|---|---|---|
| 008 | 171212s9999 xx 000 0 und d | ||
| 020 | _a9781781382974 | ||
| 100 | _aHughes, Brian | ||
| 245 |
_cHughes, Brian _aDefying the IRA? _bIntimidation, Coercion, and Communities During the Irish Revolution |
||
| 260 |
_bLiverpool University Press _c2016 |
||
| 440 | _aReappraisals in Irish History | ||
| 650 | _aHistory | ||
| 856 | _uhttp://jstor.org/stable/j.ctt1ps31k0 | ||
| 999 |
_c351494 _d351494 |
||